000
00260cam a22000977a 4500
008
180718b xxu||||| |||| 00| 0 eng d
082
_a
I555m/B458
100
_a
Bernstein, Samuel J., ed.
245
_a
Selected readings in quantitative urban analysis
260
_a
_b
_c
999
_c
342372
_d
342372